LEADER 01018nam a2200241 i 4500 001 000000229911 003 CaOOAMICUS 005 20150127000000.0 008 150127n it u000 u ita u 013 $a208813 040 $aSeMil$bita 100 1 $aTremolada, Pierantonio,$c.$0(OLS)http://semarc/name/26960 245 10$aBrani evangelici di Risurrezione /$cdispense a cura di don Pierantonio Tremolada. 260 $a[S.l. :$bs.n.],$c[19-?] 300 $a93 p. ;$c30 cm. 500 $aContiene: Bibliografia. - Fotocopie delle dispense del corso accademico. 650 4$aDispense scolastiche.$0(OLS)http://semarc/subject/526 650 4$aBibbia - NT - Vangeli - Esegesi.$0(OLS)http://semarc/subject/4803 850 $aSeMil 852 $aSeMil$W1$xVenegono$y1$m6X II 71$j180257$B180257$CSeMilBibl$Z2$F199367 $8B 961 $aOmaggio: Altro 996 $6245$aBrani evangelici di Risurrezione$9(OLS)http://semarc/title/328692 996 $6260$a[S.l. :$bs.n.]$9(OLS)http://semarc/publisher/29751 LEADER 01077nam a2200289 i 4500 001 000000136742 003 CaOOAMICUS 005 20050331000000.0 008 050331s1980 it u000 u ita u 013 $a110461 040 $aSeMil$bita 100 1 $aAdams, Richard,$d<1920-2016>.$0(OLS)http://semarc/name/90405 240 10$aWatership Down.$0(OLS)http://semarc/title/199803 245 13$aLa collina dei conigli /$cRichard Adams ; traduzione di Pier Francesco Paolini. 250 $a6. Ed. 260 $aMilano :$bRizzoli,$c1980. 300 $a389 p. ;$c23 cm. 490 0 $aLa scala 500 $aFondo Card. C.M. Martini. 700 1 $aPaolini, Pier Francesco.$0(OLS)http://semarc/name/17976 830 3$aLa scala.$0(OLS)http://semarc/title/7359 850 $aSeMil 852 $aSeMil$W1$xVenegono$y1$m1V V 204$j270124$B90330$CSeMilBibl$Z2$F95210 $81 941 1 $a4 961 $aOmaggio: Martini Card. Carlo Maria 996 $6245$aLa collina dei conigli$9(OLS)http://semarc/title/199802 996 $6260$aMilano :$bRizzoli$9(OLS)http://semarc/publisher/29824